[Event "Superettan(Burgsvik-Vasteras)"]
[Site "?"]
[Date "2018.03.16"]
[Round "7"]
[White "Norberg, Johan"]
[Black "Vovk, Ilja"]
[Result "1/2-1/2"]
[WhiteElo "2292"]
[BlackElo "2281"]
[PlyCount "145"]

1. g3 d5 2. Bg2 Nf6 3. Nf3 g6 4. c4 c6 5. b3 Bg7 6. cxd5 Ne4 7. d4 cxd5 8. O-O
Nc6 9. Bb2 O-O 10. Nc3 Nxc3 11. Bxc3 Bf5 12. Ne5 Rc8 13. Rc1 Qd6 14. Qd2 Nxe5
15. dxe5 Bxe5 16. Bb4 Qa6 17. Bxe7 Rxc1 18. Rxc1 Re8 19. Bc5 b6 20. Bb4 d4 21.
e4 dxe3 22. Qxe3 Bd7 23. Qd2 Be6 24. Re1 Bf6 25. h4 h5 26. Qf4 Bg7 27. Bc6 Rc8
28. Rxe6 fxe6 29. Bd7 Rd8 30. Qc7 Rxd7 31. Qxd7 Qxa2 32. Qxe6+ Kh7 33. Qf7 Qb1+
34. Kh2 Qf5 35. Qxf5 gxf5 36. Kg2 Kg6 37. Kf3 Bh6 38. Bd6 Kf6 39. Bb8 a6 40.
Ba7 b5 41. Bd4+ Ke6 42. Bc3 Kd5 43. Ke2 Bf8 44. Kd3 Bd6 45. b4 f4 46. gxf4 Be7
47. f5 Bxh4 48. f4 Kd6 49. Ke4 Ke7 50. Kf3 Kf7 51. Kg2 Bf6 52. Be5 Bd8 53. Bc3
Bh4 54. Kf3 Ke7 55. Ke4 Kd6 56. Be5+ Ke7 57. Bc3 Bf6 58. Be5 Kf7 59. Kf3 Be7
60. Bc3 Bd8 61. Kg3 Kg8 62. Kh3 Kf8 63. Kg3 Kf7 64. Kf3 Bf6 65. Be5 Bh4 66. Bc3
Ke7 67. Ke4 Bf6 68. Be5 Bh4 69. Bc3 Ke8 70. Kf3 Kd7 71. Ke4 Ke7 72. Kf3 Kd6 73.
Ke4 1/2-1/2

[Event "Superettan(Burgsvik-Vasteras)"]
[Site "?"]
[Date "2018.03.16"]
[Round "7"]
[White "Larsson, Victor"]
[Black "Sjodahl, Pontus"]
[Result "1/2-1/2"]
[WhiteElo "2180"]
[BlackElo "2414"]
[PlyCount "34"]

1. d4 Nf6 2. c4 e6 3. Nf3 d5 4. g3 Be7 5. Bg2 O-O 6. O-O dxc4 7. Qc2 a6 8. a4
Bd7 9. Qxc4 Bc6 10. Bg5 Nbd7 11. Nc3 h6 12. Bxf6 Nxf6 13. b4 Bd5 14. Nxd5 exd5
15. Qb3 c6 16. Ne5 Bd6 17. Nd3 Qe7 1/2-1/2

[Event "Superettan(Burgsvik-Vasteras)"]
[Site "?"]
[Date "2018.03.16"]
[Round "7"]
[White "Vaarala, Eric"]
[Black "Linusson, Pelle"]
[Result "1-0"]
[WhiteElo "2302"]
[BlackElo "2228"]
[PlyCount "67"]

1. d4 Nf6 2. Nf3 g6 3. c4 Bg7 4. Nc3 d5 5. h4 c6 6. cxd5 cxd5 7. Bf4 Nc6 8. e3
O-O 9. Ne5 Qb6 10. Nxc6 bxc6 11. Qd2 Qa5 12. Bd3 c5 13. dxc5 Qxc5 14. Rc1 Qa5
15. Be5 Bb7 16. b4 Qxb4 17. Rb1 Qg4 18. Rxb7 Qxg2 19. Rh2 Qg1+ 20. Bf1 Ng4 21.
Rg2 Nxe5 22. Rxg1 Nf3+ 23. Ke2 Nxd2 24. Kxd2 e6 25. Bd3 Rfb8 26. Rgb1 Rxb7 27.
Rxb7 h5 28. Nb5 a5 29. Nd6 Rf8 30. f4 Bf6 31. Bb5 Bxh4 32. Be8 Bg3 33. Bxf7+
Kh8 34. Bxe6 1-0

[Event "Superettan(Vaxjo-Kristallen)"]
[Site "?"]
[Date "2018.03.16"]
[Round "7"]
[White "Lindh, Fredrik"]
[Black "Solodovnichenko, Yuri"]
[Result "1-0"]
[WhiteElo "2250"]
[BlackElo "2571"]
[PlyCount "53"]
[EventDate "2018.??.??"]

1. e4 c5 2. Nf3 d6 3. d4 Nf6 4. Nc3 cxd4 5. Nxd4 a6 6. Be3 e6 7. Qf3 Nbd7 8.
O-O-O Qc7 9. Qg3 Nc5 10. f3 Bd7 11. Kb1 Rc8 12. Bd3 b5 13. a3 Qb7 14. Qe1 e5
15. Nf5 Nxd3 16. Rxd3 Be6 17. Qg3 Bxf5 18. exf5 Qd7 19. Qh3 b4 20. axb4 d5 21.
Bg5 Bxb4 22. Bxf6 Rxc3 23. Bxg7 Rxd3 24. cxd3 Qb5 25. Rc1 Qxd3+ 26. Ka1 Qd4 27.
f6 1-0

[Event "Superettan(Vaxjo-Kristallen)"]
[Site "?"]
[Date "2018.03.16"]
[Round "7"]
[White "Shkuran, Danylo"]
[Black "Walinder, Lars"]
[Result "1-0"]
[WhiteElo "2397"]
[BlackElo "2205"]
[PlyCount "71"]

1. e4 c5 2. Nf3 d6 3. d4 cxd4 4. Nxd4 Nf6 5. Nc3 a6 6. g3 e5 7. Nde2 Be7 8. a4
O-O 9. Bg2 b6 10. O-O Bb7 11. h3 Nbd7 12. g4 Nc5 13. Ng3 h6 14. f4 b5 15. Nf5
b4 16. Nd5 Nxd5 17. exd5 Nd7 18. a5 Rc8 19. Ra4 Re8 20. Rxb4 Ba8 21. fxe5 Nxe5
22. Rb6 Rc5 23. b4 Rc4 24. Rxa6 Rxb4 25. Be3 Bf8 26. Bb6 Qc8 27. Ra7 Bb7 28.
Nd4 Nc4 29. Nc6 Rxb6 30. axb6 Ne3 31. Qf3 Nxf1 32. Bxf1 g6 33. Ba6 Re1+ 34. Kg2
Qe8 35. Rxb7 Re3 36. Rb8 1-0

[Event "Superettan(Vaxjo-Kristallen)"]
[Site "?"]
[Date "2018.03.16"]
[Round "7"]
[White "Andersson, Goran L"]
[Black "Lindberg, Bengt"]
[Result "1/2-1/2"]
[WhiteElo "2228"]
[BlackElo "2387"]
[PlyCount "132"]

1. d4 Nf6 2. Nf3 e6 3. Bf4 c5 4. e3 cxd4 5. exd4 b6 6. Nbd2 Be7 7. Bd3 Ba6 8.
Nc4 O-O 9. O-O Nc6 10. c3 d6 11. Qe2 Bb7 12. Rad1 Re8 13. Rfe1 h6 14. Ncd2 Nb8
15. Nf1 Nbd7 16. Ng3 Bf8 17. Bb1 Qc7 18. Qc2 Bxf3 19. gxf3 g6 20. h4 e5 21. Be3
h5 22. Qb3 d5 23. Bg5 Bg7 24. Kg2 Qc6 25. dxe5 Nxe5 26. Ne2 Rac8 27. Nd4 Qd7
28. Bf4 Nc4 29. Bd3 Qb7 30. Qc2 a6 31. b3 Na5 32. Qd2 b5 33. Rxe8+ Rxe8 34. Re1
Rxe1 35. Qxe1 Nc6 36. a4 Nxd4 37. cxd4 bxa4 38. bxa4 Qb3 39. Bxa6 Qxa4 40. Bb7
Qxd4 41. Qe5 Qb4 42. Qb8+ Bf8 43. Bg5 Nh7 44. Qc7 Nxg5 45. hxg5 d4 46. Bd5 Qe7
47. Qxe7 Bxe7 48. f4 Kg7 49. Kf3 f5 50. gxf6+ Kxf6 51. Be4 Ba3 52. Bd3 Bc1 53.
Be4 g5 54. fxg5+ Kxg5 55. Kg3 Bf4+ 56. Kg2 Bd6 57. Bd3 Kf4 58. Bg6 h4 59. Bd3
Be7 60. Bc2 Ke5 61. f4+ Kxf4 62. Kh1 Kg3 63. Bd3 Kf2 64. Bf5 Ke3 65. Bg6 d3 66.
Bxd3 Kxd3 1/2-1/2

[Event "Superettan(Vaxjo-Kristallen)"]
[Site "?"]
[Date "2018.03.16"]
[Round "7"]
[White "Rydstrom, Tom"]
[Black "Persson, Andreas"]
[Result "1-0"]
[WhiteElo "2365"]
[BlackElo "2172"]
[PlyCount "79"]

1. e4 e5 2. Nf3 Nc6 3. Bc4 Bc5 4. c3 Nf6 5. b4 Bb6 6. d3 d6 7. a4 a6 8. Nbd2
O-O 9. Bb3 Ne7 10. O-O Ng6 11. Re1 Re8 12. Nc4 Ba7 13. h3 h6 14. a5 Be6 15. Be3
Bxe3 16. Nxe3 d5 17. Bc2 dxe4 18. dxe4 Qxd1 19. Raxd1 Rad8 20. Nd2 Nf4 21. Nf3
Rxd1 22. Nxd1 Nd7 23. Ne3 f6 24. h4 Bf7 25. Nd2 Bh5 26. f3 Rd8 27. Nb3 Kf8 28.
g3 Ne6 29. Kf2 Nb8 30. Rb1 Be8 31. Nd5 Bb5 32. Rd1 Nc6 33. f4 exf4 34. gxf4 Ne7
35. Nxc7 Rxd1 36. Nxe6+ Kf7 37. Bxd1 Kxe6 38. Nc5+ Kf7 39. Nxb7 Kf8 40. Be2 1-0

[Event "Superettan(Vaxjo-Kristallen)"]
[Site "?"]
[Date "2018.03.16"]
[Round "7"]
[White "Hesselborn, Per Ove"]
[Black "Lindahl, Emil"]
[Result "1-0"]
[WhiteElo "2151"]
[BlackElo "2177"]
[PlyCount "99"]

1. Nf3 Nf6 2. g3 b6 3. Bg2 Bb7 4. d3 e6 5. O-O Be7 6. Nbd2 c5 7. e4 d6 8. Qe2
Nc6 9. c3 O-O 10. Re1 Rc8 11. h3 Qc7 12. Nf1 Rfd8 13. N3h2 b5 14. Ng4 Nxg4 15.
hxg4 a5 16. f4 b4 17. Bd2 Ba6 18. Ne3 Rb8 19. Nd5 exd5 20. exd5 Bf8 21. dxc6
Bb5 22. Bd5 Bxc6 23. Qf3 Bxd5 24. Qxd5 Qd7 25. f5 Qb7 26. Qxb7 Rxb7 27. Re2 Re7
28. Rae1 Rde8 29. Kf2 Rxe2+ 30. Rxe2 Rxe2+ 31. Kxe2 Be7 32. d4 bxc3 33. Bxc3
Bd8 34. dxc5 dxc5 35. Kd3 a4 36. Kc4 a3 37. bxa3 Kf8 38. Be5 Be7 39. a4 Ke8 40.
Bxg7 Bd6 41. Bc3 Kd7 42. Kd5 Bxg3 43. Kxc5 Kc7 44. Kd5 Bh4 45. Ba5+ Kd7 46. Bb6
Kc8 47. Kc6 Bg5 48. a5 Bh4 49. Bc7 Bf2 50. a6 1-0

[Event "Superettan(Vaxjo-Kristallen)"]
[Site "?"]
[Date "2018.03.16"]
[Round "7"]
[White "Sevastianov, Andrii"]
[Black "Willinger, Tim"]
[Result "1/2-1/2"]
[WhiteElo "2126"]
[BlackElo "2146"]
[PlyCount "77"]

1. c4 c6 2. g3 d5 3. Nf3 Nf6 4. Bg2 Bg4 5. cxd5 Bxf3 6. Bxf3 cxd5 7. d3 Nc6 8.
Nc3 e6 9. O-O Be7 10. a3 O-O 11. b4 Qd7 12. Bb2 Rfc8 13. Rc1 Ne5 14. Bg2 Bd6
15. Qa4 Qxa4 16. Nxa4 Ned7 17. e4 dxe4 18. dxe4 Be5 19. Rxc8+ Rxc8 20. Rc1
Rxc1+ 21. Bxc1 Bd4 22. Bb2 Bxb2 23. Nxb2 b6 24. Nc4 Ne8 25. e5 Kf8 26. f4 Ke7
27. Kf2 f6 28. Ke3 fxe5 29. Nxe5 Kd6 30. Nf7+ Ke7 31. Ne5 Kd6 32. Nc4+ Ke7 33.
a4 Nc7 34. Kd4 Nf6 35. a5 Nfd5 36. axb6 axb6 37. Bxd5 Nxd5 38. b5 Nc7 39. Nxb6
1/2-1/2

[Event "Superettan(Vaxjo-Kristallen)"]
[Site "?"]
[Date "2018.03.16"]
[Round "7"]
[White "Gamback, Bjorn"]
[Black "Olofsson-Dolk, Mattis"]
[Result "1/2-1/2"]
[WhiteElo "2148"]
[BlackElo "2173"]
[PlyCount "37"]
[EventDate "2018.??.??"]

1. Nf3 c5 2. c4 Nf6 3. b3 g6 4. Bb2 Bg7 5. e3 O-O 6. Be2 Nc6 7. O-O d5 8. cxd5
Nxd5 9. Bxg7 Kxg7 10. Qc1 Qd6 11. Nc3 b6 12. Rd1 Nxc3 13. Qxc3+ Qf6 14. Qxf6+
Kxf6 15. Rac1 Bb7 16. d4 cxd4 17. Nxd4 Rac8 18. Nxc6 Rxc6 19. Rxc6+ 1/2-1/2

[Event "Superettan(Vaxjo-Kristallen)"]
[Site "?"]
[Date "2018.03.16"]
[Round "7"]
[White "Nereltjak, Nedzad"]
[Black "Ostling, Hakan"]
[Result "0-1"]
[WhiteElo "2074"]
[BlackElo "2145"]
[PlyCount "98"]

1. e4 g6 2. d4 Bg7 3. Nc3 c6 4. Nf3 d5 5. e5 Bg4 6. h3 Bxf3 7. Qxf3 Qb6 8. Qd3
Nd7 9. Bd2 f6 10. f4 Nh6 11. g4 fxe5 12. fxe5 e6 13. O-O-O O-O 14. Ne2 c5 15.
c3 Rac8 16. Kb1 Nf7 17. Be3 Ndxe5 18. dxe5 Nxe5 19. Qc2 Nc4 20. Qc1 Rf3 21. Bd2
d4 22. Ka1 Rf2 23. Be1 Bh6 24. Qb1 Rf3 25. Bg2 Re3 26. Nc1 Bg7 27. Rd3 Rd8 28.
Rxe3 Nxe3 29. Be4 Qc7 30. a3 Qe5 31. cxd4 Rxd4 32. Bc2 Qd6 33. Bc3 Rc4 34. Bb3
Rxc3 35. bxc3 Bxc3+ 36. Ka2 Qd2+ 37. Bc2 Nxc2 38. Kb3 Na1+ 39. Ka4 Qd4+ 40. Kb5
Qd7+ 41. Kc4 Qd4+ 42. Kb5 a6+ 43. Kb6 c4+ 44. Kxb7 Qd5+ 45. Kc8 Qc6+ 46. Kb8
Qxh1 47. Qb6 Be5+ 48. Ka7 Qd5 49. Na2 Bd4 0-1

[Event "Superettan(Manhem-Rockaden,Umea)"]
[Site "?"]
[Date "2018.03.16"]
[Round "7"]
[White "Wickstrom, Lucas"]
[Black "Welin, Mats"]
[Result "1-0"]
[WhiteElo "2357"]
[BlackElo "2314"]
[PlyCount "65"]

1. d4 Nf6 2. c4 e6 3. Nf3 d5 4. Nc3 Be7 5. Bf4 O-O 6. e3 b6 7. Be2 dxc4 8. Bxc4
Ba6 9. Qe2 Qc8 10. Rc1 c5 11. dxc5 Bxc4 12. Qxc4 bxc5 13. O-O Nbd7 14. e4 Nh5
15. Be3 Rb8 16. Qe2 Nhf6 17. Rfd1 Rb4 18. a3 Rb3 19. e5 Ng4 20. Bf4 Rb7 21. Nd2
Nh6 22. Bxh6 gxh6 23. Nc4 Qb8 24. f4 Kh8 25. Ne4 f6 26. Ned6 Rb3 27. Qh5 Nb6
28. Nf7+ Kg7 29. exf6+ Bxf6 30. Ncd6 Bxb2 31. Qxh6+ Kg8 32. Qg5+ Bg7 33. Nh6+
1-0

[Event "Superettan(Manhem-Rockaden,Umea)"]
[Site "?"]
[Date "2018.03.16"]
[Round "7"]
[White "Rozentalis, Eduardas"]
[Black "Malmstig, Erik"]
[Result "1-0"]
[WhiteElo "2527"]
[BlackElo "2309"]
[PlyCount "105"]

1. e4 c5 2. Nf3 e6 3. g3 Nc6 4. Bg2 d6 5. O-O Nf6 6. Qe2 e5 7. c3 Be7 8. d3 Nd7
9. Na3 Nb6 10. Nc2 h5 11. d4 cxd4 12. cxd4 h4 13. dxe5 dxe5 14. Rd1 Qc7 15. Ne3
hxg3 16. fxg3 Bc5 17. Kh1 f6 18. Qb5 Qe7 19. Nd5 Nxd5 20. exd5 a6 21. Qa4 b5
22. Qe4 Nd8 23. Nh4 Qf7 24. d6 Ra7 25. Be3 Bxe3 26. Qxe3 O-O 27. Ng6 Re8 28.
Ne7+ Raxe7 29. dxe7 Qxe7 30. Rac1 Be6 31. Qb6 Bxa2 32. Qxa6 Bc4 33. Qd6 Qxd6
34. Rxd6 Ne6 35. Rxc4 bxc4 36. Bd5 Kf7 37. g4 g6 38. Bxc4 e4 39. Kg2 f5 40. g5
f4 41. h4 Re7 42. Rc6 Re8 43. b4 e3 44. Kf3 Rb8 45. Rxe6 Rxb4 46. Re4+ Kg7 47.
Rxf4 Rb7 48. Kxe3 Ra7 49. Rf6 Ra4 50. Rc6 Rb4 51. Rc7+ Kh8 52. h5 gxh5 53. g6
1-0

[Event "Superettan(Manhem-Rockaden,Umea)"]
[Site "?"]
[Date "2018.03.16"]
[Round "7"]
[White "Eriksson, Jorgen"]
[Black "Al Hadarani, Hatim"]
[Result "0-1"]
[WhiteElo "2209"]
[BlackElo "2319"]
[PlyCount "76"]

1. d4 Nf6 2. Nf3 g6 3. g3 c5 4. c4 Bg7 5. Bg2 O-O 6. O-O Nc6 7. Nc3 cxd4 8.
Nxd4 Ng4 9. e3 Nge5 10. b3 d6 11. h3 Nxd4 12. exd4 Nc6 13. Be3 Bd7 14. Rc1 a6
15. Qd2 Rb8 16. d5 Na5 17. Ne2 b5 18. c5 dxc5 19. Bxc5 Nb7 20. Be3 Nd6 21. Nd4
b4 22. Nc6 Bxc6 23. dxc6 Bc3 24. Rxc3 bxc3 25. Qxc3 Nb5 26. Qa1 Re8 27. Bf4 Nd6
28. Rc1 Qc7 29. Qc3 f6 30. Bd5+ Kg7 31. Be6 g5 32. Be3 Red8 33. Qb2 h6 34. Qe2
Rb5 35. Qh5 Re5 36. Bg4 Rxe3 37. fxe3 Ne4 38. Rc2 Nxg3 0-1

[Event "Superettan(Manhem-Rockaden,Umea)"]
[Site "?"]
[Date "2018.03.16"]
[Round "7"]
[White "Fendrich, David"]
[Black "Lindgren, Fredrik"]
[Result "1/2-1/2"]
[WhiteElo "2244"]
[BlackElo "2255"]
[PlyCount "130"]

1. Nf3 g6 2. g3 Bg7 3. Bg2 Nf6 4. O-O O-O 5. d4 d6 6. a4 a5 7. Nc3 Nc6 8. e4 e5
9. d5 Nb4 10. Nd2 Ne8 11. Nc4 f5 12. exf5 Bxf5 13. Ne3 Nf6 14. f4 exf4 15. Nxf5
gxf5 16. Bxf4 Qd7 17. Nb5 Kh8 18. c3 Na6 19. Nd4 Nc5 20. Qc2 Nfe4 21. Be3 Rae8
22. Rae1 Rf7 23. Rxf5 Rxf5 24. Nxf5 Qxf5 25. Bxc5 dxc5 26. Rxe4 Rxe4 27. Bxe4
Qh5 28. Kg2 b6 29. Bf5 Bf6 30. Qe4 Qf7 31. h4 Qe7 32. Be6 Qd6 33. Qg4 Qf8 34.
Qf4 Qe7 35. Kh3 Qd8 36. h5 Qe7 37. h6 Bg5 38. Qe5+ Bf6 39. Qf5 Bg5 40. Qe5+ Bf6
41. Qh5 Qf8 42. Kg2 Qe7 43. Kf3 Bg5 44. Kg4 Bf6 45. Kf5 Qf8 46. Ke4 Qe7 47. g4
Bg5 48. c4 Bf6 49. b3 Bg5 50. Kd3 Bf6 51. Ke3 Bg5+ 52. Ke4 Bf6 53. Kf5 Qf8 54.
g5 Be7+ 55. Bf7 Qc8+ 56. Ke4 Qd8 57. g6 hxg6 58. Qxg6 Bf6 59. Kf5 Bd4 60. Ke4
Qh4+ 61. Kf5 Qh3+ 62. Qg4 Qxg4+ 63. Kxg4 Be5 64. Kf5 Bd6 65. Bg6 Bh2 1/2-1/2

[Event "Superettan(Manhem-Rockaden,Umea)"]
[Site "?"]
[Date "2018.03.16"]
[Round "7"]
[White "Nygren, David"]
[Black "Akesson, Joel"]
[Result "1-0"]
[WhiteElo "2266"]
[BlackElo "2279"]
[PlyCount "59"]

1. e4 e6 2. d4 d5 3. Nc3 Bb4 4. e5 Ne7 5. a3 Bxc3+ 6. bxc3 b6 7. Qg4 Ng6 8. Bd3
Ba6 9. Bg5 Qc8 10. Ne2 Bxd3 11. cxd3 Qa6 12. Qg3 Nd7 13. O-O c5 14. a4 Rc8 15.
f4 h6 16. f5 exf5 17. Bd2 Ne7 18. Nf4 g5 19. e6 gxf4 20. Qg7 Rf8 21. exd7+ Kxd7
22. Rfe1 Ng6 23. c4 dxc4 24. Qf6 Kc7 25. a5 c3 26. Bxc3 Qb7 27. axb6+ axb6 28.
dxc5 Qc6 29. Re7+ Kb8 30. Be5+ 1-0

[Event "Superettan(Manhem-Rockaden,Umea)"]
[Site "?"]
[Date "2018.03.16"]
[Round "7"]
[White "Storme, Isak"]
[Black "Mardell, Jimmy"]
[Result "1-0"]
[WhiteElo "2171"]
[BlackElo "2139"]
[PlyCount "65"]

1. e4 c5 2. Nf3 d6 3. d4 cxd4 4. Nxd4 Nf6 5. Nc3 g6 6. Be3 Bg7 7. f3 O-O 8. Qd2
Nc6 9. Bc4 Bd7 10. O-O-O Rb8 11. Bb3 Na5 12. h4 b5 13. h5 Nc4 14. Bxc4 bxc4 15.
Kb1 Nxh5 16. g4 Nf6 17. Bh6 Qb6 18. b3 cxb3 19. cxb3 Bh8 20. g5 Nh5 21. Nd5 Qd8
22. Rxh5 gxh5 23. Rg1 Bg7 24. Nf6+ Kh8 25. Bxg7+ Kxg7 26. Nxh5+ Kh8 27. Rh1 Rg8
28. Qh2 Rg6 29. Nf5 Bxf5 30. exf5 Rxg5 31. Nf6 Rg1+ 32. Rxg1 exf6 33. Qh6 1-0

[Event "Superettan(Manhem-Rockaden,Umea)"]
[Site "?"]
[Date "2018.03.16"]
[Round "7"]
[White "Larsson, Johan"]
[Black "Al Waeli, Laith"]
[Result "0-1"]
[WhiteElo "2193"]
[BlackElo "2060"]
[PlyCount "66"]

1. Nf3 d5 2. g3 Nf6 3. Bg2 c5 4. O-O Nc6 5. d3 Bf5 6. Nbd2 e6 7. b3 Be7 8. Bb2
O-O 9. Nh4 Bg4 10. h3 Bh5 11. g4 Nd7 12. Nhf3 Bg6 13. e4 Bf6 14. Bxf6 Nxf6 15.
Qe2 Qc7 16. e5 Nd7 17. Rfe1 b5 18. Nf1 Rae8 19. Nh4 Nd4 20. Qd2 Nxe5 21. f4 Qd8
22. Rxe5 Qxh4 23. c4 f6 24. Ree1 bxc4 25. dxc4 dxc4 26. Rac1 Rd8 27. Qa5 cxb3
28. Rxc5 b2 29. f5 exf5 30. Rc7 fxg4 31. Ree7 b1=Q 32. Rxg7+ Kh8 33. Qxa7 gxh3
0-1

[Event "Superettan(Manhem-Rockaden,Umea)"]
[Site "?"]
[Date "2018.03.16"]
[Round "7"]
[White "Outgajjouft, Said"]
[Black "Johansson, David"]
[Result "1-0"]
[WhiteElo "2037"]
[BlackElo "2104"]
[PlyCount "91"]

1. e4 e6 2. d4 d5 3. exd5 exd5 4. Bd3 c5 5. dxc5 Bxc5 6. Nf3 Bg4 7. O-O Nc6 8.
Bg5 Nge7 9. Nbd2 Qd7 10. c3 f6 11. Bf4 g5 12. Be3 Bd6 13. Qa4 h5 14. Nd4 h4 15.
f3 Bh5 16. Rfe1 Rd8 17. Bf2 Kf7 18. Qc2 Ne5 19. Nf5 Bb8 20. Nxe7 Qxe7 21. Bf5
Qd6 22. Nf1 Rhg8 23. Bd4 Rde8 24. Qa4 Re7 25. Bxa7 Bc7 26. Bf2 Rge8 27. Qc2
Bxf3 28. Rxe5 Rxe5 29. gxf3 Re2 30. Qd3 Kg7 31. Bh7 Kh8 32. Bg6 R8e7 33. b4 Rb2
34. Re1 Rxe1 35. Bxe1 Bb6+ 36. Kh1 Qe5 37. Bd2 Rxa2 38. Bf7 Ra1 39. Kg2 Bc7 40.
Qg6 Qe2+ 41. Kh3 Qxf1+ 42. Kg4 f5+ 43. Kh5 Qxf3+ 44. Kh6 Ra6 45. Be6 Rxe6 46.
Qxe6 1-0

[Event "Superettan(Kristallen-Schack 08)"]
[Site "?"]
[Date "2018.03.17"]
[Round "8"]
[White "Laveryd, Peter"]
[Black "Naslund, Mikael"]
[Result "1-0"]
[WhiteElo "2353"]
[BlackElo "2205"]
[PlyCount "47"]
[SourceDate "2018.03.26"]

1. e4 c5 2. Nc3 Nc6 3. f4 g6 4. Nf3 Bg7 5. Bc4 e6 6. f5 Nge7 7. fxe6 fxe6 8. d3
d5 9. Bb3 O-O 10. O-O a6 11. a4 Nd4 12. Nxd4 cxd4 13. Rxf8+ Qxf8 14. Ne2 dxe4
15. dxe4 Nc6 16. Nf4 Qd6 17. Qg4 Nd8 18. Bd2 Kh8 19. Qh4 Kg8 20. Bb4 Qc7 21.
Rf1 Bd7 22. Qe7 Rc8 23. Nd5 exd5 24. Rf8+ 1-0

[Event "Superettan(Kristallen-Schack 08)"]
[Site "?"]
[Date "2018.03.17"]
[Round "8"]
[White "Walinder, Lars"]
[Black "Ingbrant, Johan"]
[Result "1-0"]
[WhiteElo "2205"]
[BlackElo "2368"]
[PlyCount "79"]

1. c4 c5 2. Nf3 Nf6 3. Nc3 e6 4. e3 d5 5. cxd5 exd5 6. d4 Nc6 7. Bb5 Bd6 8. O-O
O-O 9. dxc5 Bxc5 10. b3 Bg4 11. Bb2 a6 12. Bxc6 bxc6 13. Rc1 Rc8 14. Ne2 Bd6
15. Ne5 Qe8 16. Nxg4 Nxg4 17. h3 Ne5 18. Nf4 Qe7 19. Qd4 Rfd8 20. Rfd1 f6 21.
Qa4 Qb7 22. Ne6 Re8 23. Nc5 Bxc5 24. Rxc5 Nd7 25. Ra5 Re6 26. Qd4 Ne5 27. e4
dxe4 28. Qxe4 Qb6 29. Qa4 c5 30. Bxe5 fxe5 31. Qg4 h5 32. Qc4 Rcc6 33. Ra4 Qc7
34. Qe2 Qf7 35. Re4 g6 36. Rd5 Rc7 37. Rdxe5 Rxe5 38. Rxe5 c4 39. Re8+ Kh7 40.
bxc4 1-0

[Event "Superettan(Kristallen-Schack 08)"]
[Site "?"]
[Date "2018.03.17"]
[Round "8"]
[White "Rosberg, Simon"]
[Black "Lindh, Fredrik"]
[Result "0-1"]
[WhiteElo "2303"]
[BlackElo "2250"]
[PlyCount "60"]

1. Nf3 Nf6 2. c4 g6 3. b3 Bg7 4. Bb2 O-O 5. g3 c6 6. Bg2 d5 7. O-O a5 8. cxd5
cxd5 9. Nc3 Nc6 10. d4 Bf5 11. Rc1 Ne4 12. Na4 Rc8 13. Nh4 Be6 14. f3 b5 15.
fxe4 bxa4 16. e5 Qb6 17. e3 Bh6 18. Re1 Nb4 19. bxa4 Rxc1 20. Bxc1 Nxa2 21. Ba3
Rc8 22. Bc5 Qb2 23. Qf3 Qc3 24. Qf2 Nb4 25. Bxb4 axb4 26. Bf1 b3 27. Ng2 Bf5
28. g4 Be4 29. Nf4 Bxf4 30. exf4 b2 0-1

[Event "Superettan(Kristallen-Schack 08)"]
[Site "?"]
[Date "2018.03.17"]
[Round "8"]
[White "Andersson, Goran L"]
[Black "Renman, Nils-Gustaf"]
[Result "1/2-1/2"]
[WhiteElo "2228"]
[BlackElo "2350"]
[PlyCount "85"]

1. e4 e6 2. Qe2 c5 3. Nf3 Nc6 4. g3 g6 5. Bg2 Bg7 6. O-O Nge7 7. e5 d6 8. exd6
Nf5 9. Nc3 Nxd6 10. d3 O-O 11. Ne4 b6 12. Nxd6 Qxd6 13. Bf4 Qd7 14. Ne5 Bxe5
15. Bxe5 f6 16. Bc3 Bb7 17. f4 Rae8 18. Be4 f5 19. Bxc6 Qxc6 20. Kf2 e5 21.
Bxe5 Rf7 22. Rg1 Rfe7 23. g4 fxg4 24. Rxg4 Rf8 25. Rag1 Rxe5 26. Qxe5 Re8 27.
Rxg6+ hxg6 28. Qh5 Re6 29. f5 Rf6 30. Rxg6+ Rxg6 31. fxg6 Qf6+ 32. Ke1 Bc8 33.
h4 Be6 34. b3 Qh8 35. Qg5 Qd4 36. Qh6 Qc3+ 37. Kd1 Bg4+ 38. Kc1 Qa1+ 39. Kd2
Qd1+ 40. Kc3 Qa1+ 41. Kd2 Qd1+ 42. Kc3 Qa1+ 43. Kd2 1/2-1/2

[Event "Superettan(Kristallen-Schack 08)"]
[Site "?"]
[Date "2018.03.17"]
[Round "8"]
[White "Schutz, Ingemar"]
[Black "Persson, Andreas"]
[Result "1-0"]
[WhiteElo "2200"]
[BlackElo "2172"]
[PlyCount "127"]

1. e4 e5 2. Nf3 Nc6 3. Bb5 a6 4. Ba4 Nf6 5. O-O Be7 6. Re1 b5 7. Bb3 O-O 8. d3
d6 9. c3 Nb8 10. Nbd2 Nbd7 11. Nf1 Nc5 12. Bc2 Re8 13. d4 Ncd7 14. Ng3 Bb7 15.
b4 Bf8 16. a4 g6 17. Bb2 Nb6 18. axb5 axb5 19. Bd3 c6 20. Qb3 Qc7 21. Rad1 Bg7
22. h4 Ng4 23. h5 d5 24. exd5 Nxd5 25. hxg6 hxg6 26. c4 Nf4 27. Nxe5 Nxe5 28.
dxe5 Bxe5 29. Bxe5 Rxe5 30. c5 Rae8 31. Rxe5 Qxe5 32. Ne4 Bc8 33. Nd6 Be6 34.
Qc2 Ra8 35. Bf1 Bd5 36. Qd2 Ra2 37. Qe3 Qxe3 38. fxe3 Ne2+ 39. Kh2 Nc3 40. Rd4
Be6 41. e4 Ra1 42. Bd3 Rd1 43. Nb7 Na2 44. Rd6 Nxb4 45. Be2 Re1 46. Bf3 Rc1 47.
e5 Re1 48. Bxc6 Nxc6 49. Rxc6 Rxe5 50. Rb6 Bd5 51. c6 Re7 52. Na5 Rc7 53. Rxb5
Be6 54. Rb7 Rc8 55. c7 Bd7 56. Nc4 Kf8 57. Nb6 Ke7 58. Nxc8+ Bxc8 59. Rb3 Kd7
60. Rc3 Bb7 61. Kg3 Kc8 62. Kf2 Bd5 63. g3 Be6 64. Ke3 1-0

[Event "Superettan(Kristallen-Schack 08)"]
[Site "?"]
[Date "2018.03.17"]
[Round "8"]
[White "Celander, Jesper"]
[Black "Karlsson, Tomas"]
[Result "0-1"]
[WhiteElo "2100"]
[BlackElo "2251"]
[PlyCount "92"]

1. d4 e6 2. Nf3 d5 3. Bg5 Nf6 4. Nbd2 Be7 5. e3 b6 6. Ne5 Nfd7 7. Bxe7 Qxe7 8.
f4 O-O 9. Bd3 Ba6 10. O-O c5 11. Bxa6 Nxa6 12. c3 Nc7 13. Qa4 Nxe5 14. fxe5 b5
15. Qa5 c4 16. b3 Rfb8 17. bxc4 bxc4 18. Rab1 Ne8 19. Nf3 Qc7 20. Qa4 f6 21.
exf6 Nxf6 22. Ne5 Ne4 23. Qa6 Rb6 24. Rxb6 Qxb6 25. Qa3 Qd6 26. Qa5 Rf8 27. Rf3
Qe7 28. h3 Rxf3 29. Nxf3 h6 30. Kh2 Kh7 31. Kg1 Qd6 32. Qa4 Qe7 33. Qc2 Qa3 34.
Ne5 Qxc3 35. Qe2 Qc1+ 36. Kh2 Qh1+ 37. Kxh1 Ng3+ 38. Kg1 Nxe2+ 39. Kf2 Nc3 40.
Ke1 Nxa2 41. Kd2 Nb4 42. Kc3 a5 43. h4 Nd3 44. Nd7 Kg8 45. Nb6 Kf7 46. g3 Nf2
0-1

[Event "Superettan(Kristallen-Schack 08)"]
[Site "?"]
[Date "2018.03.17"]
[Round "8"]
[White "Wikstrom, Per"]
[Black "Gamback, Bjorn"]
[Result "1/2-1/2"]
[WhiteElo "2199"]
[BlackElo "2148"]
[PlyCount "63"]

1. d4 d5 2. Bf4 Nf6 3. e3 c5 4. c3 Nc6 5. Nd2 cxd4 6. exd4 Qb6 7. Qb3 Qxb3 8.
axb3 g6 9. Ngf3 Bg7 10. h3 O-O 11. Bb5 Bd7 12. O-O Rfc8 13. Rfe1 Kf8 14. b4 Nd8
15. Bd3 Ne6 16. Be5 Nc7 17. Nb3 b6 18. Bxc7 Rxc7 19. Ne5 Bc8 20. Ra3 Nd7 21.
Nf3 Bh6 22. g3 f6 23. b5 Kf7 24. Na1 e6 25. Nc2 Bf8 26. Ra4 Bd6 27. Nb4 Bxb4
28. Rxb4 a5 29. bxa6 Bxa6 30. Ra1 Bb7 31. Rxa8 Bxa8 32. Bb5 1/2-1/2

[Event "Superettan(Kristallen-Schack 08)"]
[Site "?"]
[Date "2018.03.17"]
[Round "8"]
[White "Willinger, Tim"]
[Black "Nyander, Joakim"]
[Result "0-1"]
[WhiteElo "2146"]
[BlackElo "2169"]
[PlyCount "70"]

1. d4 Nf6 2. Nf3 e6 3. e3 b6 4. Bd3 Bb7 5. O-O c5 6. c4 Be7 7. Nc3 a6 8. b3 d6
9. Bb2 Nbd7 10. d5 exd5 11. cxd5 Nxd5 12. Nxd5 Bxd5 13. Bxg7 Rg8 14. Bb2 Nf8
15. Bb5+ axb5 16. Qxd5 Ra7 17. Rfd1 Qa8 18. Qxa8+ Rxa8 19. h3 Ne6 20. Nd2 Kd7
21. Ne4 Kc6 22. Bf6 Bf8 23. Nc3 Rg6 24. Nd5 Rxf6 25. Nxf6 Bg7 26. Ne4 d5 27.
Ng3 Bxa1 28. Rxa1 b4 29. Kf1 c4 30. bxc4 dxc4 31. Rc1 c3 32. Rc2 Rxa2 33. Rxa2
b3 34. Rc2 b2 35. Rxc3+ Nc5 0-1